000
00304nam a2200121Ia 4500
999
_c
15363
_d
15363
082
_a
RR 016.32754 PAT
100
_a
Patil, R.L.M.
245
0
_a
India: Nuclear weapons and international politics
260
_a
Delhi
_b
National
_c
1969
300
_a
338p.
504
_a
Bibliography : p.131-338
942
_c
BK